Detalles MARC
| 000 -LÍDER |
| Campo fijo de descripción fija |
01667aam a2200313 i 4500 |
| 001 - NÚMERO DE CONTROL |
| Campo de control |
768714001 |
| 003 - IDENTIFICADOR DEL NÚMERO DE CONTROL |
| Campo de control |
CO-MdFUSB |
| 005 - FECHA Y HORA DE LA ULTIMA TRANSACCIÓN |
| control field |
20231006091013.0 |
| 007 - CAMPO FIJO DE DESCRIPCIÓN FIJA--INFORMACIÓN GENERAL |
| Campo fijo de descripción fija |
ta |
| 008 - ELEMENTOS DE LONGITUD FIJA -- INFORMACIÓN GENERAL |
| Campo fijo de descripción fija -- Información general |
230927t20012001flu||||g |||| 00| 0 spa d |
| 020 ## - NÚMERO INTERNACIONAL NORMALIZADO PARA LIBROS |
| Número Internacional Normalizado del libro |
0829734376 |
| 040 ## - FUENTE DE CATALOGACIÓN |
| Agencia de catalogación original |
CO-MdFUSB |
| Idioma de catalogación |
spa |
| Agencia que realiza la transcripción |
CO-MdFUSB |
| Agencia que realiza la modificación |
CO-MdFUSBC |
| Convenciones de la descripción |
rda |
| 041 ## - CÓDIGO DE IDIOMA |
| Código de idioma para texto/pista de sonido o título separado |
spa |
| 082 ## - NÚMERO DE CLASIFICACIÓN DECIMAL DEWEY |
| Número de la edición del Dewey |
23 |
| Número de clasificación |
248 |
| Clave de autor-Numero de item |
SI586 |
| 100 ## - ASIENTO PRINCIPAL--NOMBRE PERSONAL |
| Nombre personal |
Silva-Silva, Darío, |
| Término relacionador |
autor |
| 245 #4 - TÍTULO |
| Título del Material |
Las llaves del poder |
| Mención de responsabilidad, etc. |
/ Darío Silva Silva |
| 264 #1 - PRODUCCIÓN, PUBLICACIÓN, DISTRIBUCIÓN, MANUFACTURA, Y COPYRIGHT |
| Lugar de producción, publicación, distribución, manufactura |
Miami, Florida : |
| Nombre del productor, publicador, distribuidor |
Vida, |
| Fecha de producción, publicación, distribución, manufactura, o copyright |
[2001] |
| 264 #4 - PRODUCCIÓN, PUBLICACIÓN, DISTRIBUCIÓN, MANUFACTURA, Y COPYRIGHT |
| Fecha de producción, publicación, distribución, manufactura, o copyright |
©2001 |
| 300 ## - DESCRIPCIÓN FÍSICA |
| Extensión |
346 páginas |
| Dimensiones |
; 22 cm. |
| 336 ## - TIPO DE CONTENIDO |
| Fuente |
rdacontent |
| Término de tipo de contenido |
texto |
| Código de tipo de contenido |
txt |
| 337 ## - TIPO DE MEDIO |
| Fuente |
rdamedia |
| Nombre del tipo de medio |
sin mediación |
| Código del tipo de medio |
n |
| 338 ## - TIPO DE SOPORTE |
| Fuente |
rdacarrier |
| Nombre del tipo de soporte |
volumen |
| Código Tipo de soporte |
nc |
| 505 ## - NOTA DE CONTENIDO |
| Nota de contenido con formato preestablecido |
Llave 1: El despojo -- Llave 2: La productividad -- Llave 3: La casualidad -- Llave 4: La palabra -- Llave 5: La fe -- Llave 6: La alabanza -- Llave 7: El reposo -- Llave 8: La restitución -- Llave 9: El silencio -- Llave 10: La obediencia -- Llave 11: El acuerdo -- Llave 12: La generación --Llave 13: La oración. |
| 520 ## - NOTA DE RESUMEN, ETC. |
| Nota de sumario, etc. |
Darío Silva-Silva ejerció el periodismo político en su país, Colombia, durante cerca de treinta años, en medios escritos, radiales y televisivos y llegó a ser empresario de un noticiero de vasta audiencia. Después de cursar estudios pastorales, obtuvo la Licenciatura Eclesiástica y fundó, junto con su esposa Esther Lucía, la Casa Sobre la Roca, Iglesia Cristiana Integral y otras instituciones educativas y de servicio social. Es ministro del Evangelio con reconocimiento de la Sucesión Apostólica Histórica en rango episcopal. |
| 563 ## - NOTA DE ENCUADERNACIÓN |
| Nota de encuadernación |
Rústico |
| 650 #0 - ASIENTO SECUNDARIO DE MATERIA - TERMINO TEMÁTICO |
| 9 (RLIN) |
19 |
| Término temático o nombre geográfico como elemento de entrada |
Vida cristiana |
| 942 ## - TIPO DE MATERIAL (KOHA) |
| Tipo de Item KOHA |
Libros General |
| 945 ## - INFORMACIÓN LOCAL DEL REGISTRO |
| Catalogador |
sor1564 |